000 01321nam a22002537a 4500
005 20090720103558.0
008 090714t xxu||||| |||| 00| 0 hin d
010 _aHIN-87342
020 _c150.00
_a8190159313
035 _aHN-59688
037 _bDBAD / PUB
040 _adpl
_bhn
082 _a520
245 _aरोमांचक सैर अंतरिक्ष की /
_cनवीन मेहरा द्वारा अनुदित एवं संपादित
246 _aRamanchaka saira anatrikasha kii
_btranslated & edited by Naveen Mehra
260 _aदिल्ली
_bराष्ट्रीय कला साहित्य एवं संस्कृति संस्थान
_c2008
270 _a30/35बी, गली नं. 9, विश्वास नगर, शाहदरा
_bदिल्ली
_e110032
300 _a144पृ.
_c22सेमी (सजिल्द)
_bसचित्र
650 _aअंतरिक्ष विज्ञान
650 _aSpace astronomy
700 _aमेहरा, नवीन
942 _2ddc
_cHN
_mरोमांच
_h520
999 _c28432
_d28432